000 00640cam a22002053a 4500
001 42033
003 PGUSA
005 20140828083941.0
008 130206s2013||||xxu|||||s|||||000 | eng d
040 _aPGUSA
_beng
042 _adc
100 1 _aSayce, A. H.
_q(Archibald Henry),
_d1845-1933
245 1 0 _aAssyria, Its Princes, Priests and People :
_bBy-Paths of Bible Knowledge VII
_h[electronic resource] /
_cA. H. Sayce
260 _bProject Gutenberg,
_c2013
506 _aPublic domain in the USA.
516 _aElectronic text
830 0 _aProject Gutenberg
_v42033
856 4 0 _uhttp://www.gutenberg.org/ebooks/42033
942 _cEB
999 _c271285
_d271285